00620nam a22001937a 450000500170000001000150001702000260003203500140005803700090007208200170008124501230009825000100022126000440023127000760027530000210035170000260037270000180039876000100041620241122142535.0 aENG-142324 c500.00a9789392151279 aEN-125856 bDBAD a637.12First aContemporary Management:bReserch Practices Volume-2/cEditd by P. Aranganathan , S. Christina Sheela and R. V. Suresh aFirst aTamil NadubFirst Book Publishingc2024 bTamil Nadua61, 66 T. P. K. Main Road, Vasantha Nagar, Madurai,e625003 a377p.c25cm(pbk) aSheela, Christina S.  aSuresh, R. V. bFirst